000 04003nam a22004697a 4500
005 20101220114450.0
010 _aB-419617-634
020 _a9788131728963
_c625.00
035 _aB-419617-634
037 _bUBH
082 _a005.133
245 _aThe C# programming language /
_cby Anders Hejlsberg...[et al]
250 _a3rd ed.
260 _aDelhi
_bPearson Educations
_c2010
270 _a482 FIF, Patparganj
_bDelhi
_e110092
300 _axviii, 754p.
_c28cm(pbk)
500 _aIncludes references and index
700 _aHejlsberg, Anders
_924945
700 _aTorgersen, Mads.
_924946
700 _aWiltamuth, Scott.
_924947
700 _aGolde, Peter.
_924948
942 _2ddc
_cEN
_mCPR
_h005.133
999 _c35796
_d35796